Statistics for Clubs of football icons - 1

Click here to take the quiz!

General Stats

  • This quiz has been taken 136 times
  • The average score is 23 of 40

Answer Stats

PlayerFootball ClubYears in club% Correct
Peter SchmeichelManchester United1991-99
99%
David BeckhamManchester United1991-2003
99%
Zlatan IbrahimovićManchester United2016-18
99%
Zlatan IbrahimovićBarcelona2009-11
97%
Lionel MessiBarcelona2001- ...
97%
David BeckhamParis Saint-Germain2013
97%
Zlatan IbrahimovićParis Saint-Germain2012-16
97%
Zinedine ZidaneReal Madrid2001-2006
97%
David BeckhamReal Madrid2003-07
97%
Zlatan IbrahimovićAC Milan2010-11 (loan)
95%
Zlatan IbrahimovićAC Milan2020- ...
95%
David BeckhamAC Milan2009&10 (loan)
95%
Zlatan IbrahimovićAC Milan2011-12
95%
Zlatan IbrahimovićInter Milan2006-09
90%
Zlatan IbrahimovićLA Galaxy2018-19
88%
David BeckhamLA Galaxy2007-12
88%
Zinedine ZidaneJuventus1996-2001
87%
Zlatan IbrahimovićJuventus2004-06
87%
Zlatan IbrahimovićAjax2001-04
78%
Zlatan IbrahimovićMalmö BI1989-91 (youth)
73%
Zlatan IbrahimovićMalmö FF1995-2001
73%
Peter SchmeichelManchester City2002-03
63%
Lionel MessiNewell's Old Boys1994-2000 (youth)
53%
Zinedine ZidaneGirondins de Bordeaux1992-96
46%
David BeckhamPreston North End1994-95 (loan)
42%
Peter SchmeichelAston Villa2001-02
30%
David BeckhamTottenham Hotspur1987-91 (youth)
27%
Peter SchmeichelBrøndby1987-91
23%
Zinedine ZidaneCannes1986-92
19%
Peter SchmeichelSporting CP1999-2001
13%
Zinedine ZidaneUS Saint-Henri1982-83 (youth)
11%
David BeckhamBrimsdown Rovers1989-91 (youth)
6%
Peter SchmeichelGladsaxe-Hero1979-84
5%
Peter SchmeichelHøje-Gladsaxe1972-75 (youth)
5%
Peter SchmeichelHvidovre IF1984-87
5%
David BeckhamRidgeway Rovers1985-87 (youth)
5%
Peter SchmeichelHero1975-79 (youth)
4%
Zlatan IbrahimovićFBK Balkan1991-95 (youth)
3%
Zinedine ZidaneSO Septèmes-les-Vallons1983-86 (youth)
3%
Zinedine ZidaneAS Foresta1981-82 (youth)
2%

Score Distribution

Percentile by Number Answered

Percent of People with Each Score

Your Score History

You have not taken this quiz